000 00566nam a2200193Ia 4500
005 20260120124613.0
008 008 260114s9999 xx 000 0 eng d
020 _a9781846638923
037 _aEBOOK
040 _aCRL
_beng
_cCRL
041 _aeng
_2eng
084 _qCRL
245 0 _aResearch in Social Movements, Conflicts and Change
260 _bEmerald Publishing
_c2008
700 _aPatrick G. Coy
_9908289
856 _uhttps://www.emerald.com/insight/publication/doi/10.1016/S0163-786X(2008)28
942 _cEBOOK
999 _c1500177
_d1500177